Oznaczanie temperatury zapłonu i palenia paliw i smarów / (Rekord nr 9955)
| 000 -ETYKIETA REKORDU | |
|---|---|
| podpole kontrolne o stałej długości | 00751naa a2200157 i 4500 |
| 001 - NUMER KONTROLNY REKORDU | |
| podpole kontrolne | 9955 |
| 003 - IDENTYFIKATOR NUMERU KONTROLNEGO REKORDU | |
| podpole kontrolne | KOSZ 005 |
| 005 - DATA OSTATNIEJ MODYFIKACJI REKORDU | |
| podpole kontrolne | 20180412115056.0 |
| 008 - POLE O STAŁEJ DŁUGOŚCI - DANE KONTROLNE | |
| podpole kontrolne o stałej długości | 180412s1986 pl f |000 0 pol |
| 040 ## - ŹRÓDŁO KATALOGOWANIA | |
| Instytucja, która utworzyła rekord | KOSZ 005/HR |
| Instytucja, która sporządziła opis | KOSZ 005/HR |
| 100 1# - NAZWA OSOBOWA | |
| Nazwa osobowa | CHARUN, Henryk. |
| Lata pracy | 1982 - 1996. |
| Instytucja | Wyższa Szkoła Inżynierska w Koszalinie - Wydział Mechaniczny, |
| Wydział | Zakład Termodynamiki i Chłodnictwa |
| 245 ## - TYTUŁ/ODPOWIEDZIALNOŚĆ | |
| Tytuł | Oznaczanie temperatury zapłonu i palenia paliw i smarów / |
| Pozostałe elementy strefy tytułu i oznaczenia odpowiedzialności | Henryk Charun. |
| 650 #0 - HASŁO PRZEDMIOTOWE W FORMIE NAZWY OGÓLNEJ LUB JEDNOSTKOWEJ | |
| Nazwa ogólna lub geograficzna | Termodynamika techniczna. |
| 773 0# - TYTUŁ DOKUMENTU MACIERZYSTEGO | |
| Wyrażenie wprowadzające | W : |
| Tytuł | Materiały pomocnicze do ćwiczeń laboratoryjnych z podstaw techniki cieplnej. Cz. 2 / pod red. Mariana Czapp. - |
| Adres wydawniczy | Koszalin : Wydaw. Uczelniane Wyższej Szkoły Inżynierskiej, 1986. - |
| Informacje dotyczące relacji | s. 346-354 |
| 942 ## - HASŁO DODATKOWE - ELEMENTY(KOHA) | |
| Typ dokumentu | Rozdział |
| Schemat klasyfikacji | Uniwersalna klasyfikacja dziesiętna |
Brak dostępnych egzemplarzy.
